000 00631nam a22001577a 4500
003 OSt
005 20150922093851.0
008 150922b xxu||||| |||| 00| 0 eng d
040 _cRUA
082 _aAGR CHE 2008 B035 Or.1
100 _91076
_aCHEANG, PISETH.
245 _aEffect of organicfertilizers on chinese kale at muk kampoul district, kandal province ឥទ្ធិពលនៃជីធម្មជាតិទៅលើដំណាំខាត់ណានៅស្រុកមុខកំពូលខេត្តកណ្ដាល
260 _aPhnom Penh
_bRUA
_c2008
300 _ax, 39p.
_bill.
_c29cm.
942 _2ddc
_cAGR
999 _c1033
_d1033